| 000 | 00839nam a2200277Ia 4500 | ||
|---|---|---|---|
| 003 | OSt | ||
| 005 | 20220926013950.0 | ||
| 006 | a|||||r|||| 00| 0 | ||
| 007 | ta | ||
| 008 | 220923b |||||||| |||| 00| 0 eng d | ||
| 020 | _a0471055344 | ||
| 037 | _cGeneral Book | ||
| 040 |
_aRTL _cRTL _beng |
||
| 041 |
_2eng _aeng |
||
| 082 | _a2:97:(D6,9(B), M0 | ||
| 100 |
_aRouse Willam B _9319387 |
||
| 245 | 0 |
_aManagement of library networks _b Policy analysis, implementation & central |
|
| 260 |
_aNew York _bJohn Wiley USA _c1980 |
||
| 300 |
_axiv,288p. _ccm. |
||
| 490 | _aInformaiton sciences series | ||
| 500 | _aBib p. 266-74 | ||
| 650 |
_aLibrary Sicence _9231926 |
||
| 700 |
_a Rouse S H _9319388 |
||
| 942 |
_h2:97:(D6,9(B), M0 _cGB _2CC |
||
| 999 |
_c627319 _d627319 |
||